Detalles MARC
| 000 -CABECERA |
| campo de control de longitud fija |
01560nam a2200217 a 4500 |
| 001 - NÚMERO DE CONTROL |
| campo de control |
000030662 |
| 005 - FECHA Y HORA DE LA ÚLTIMA TRANSACCIÓN |
| campo de control |
20200930062433.0 |
| 008 - DATOS DE LONGITUD FIJA--INFORMACIÓN GENERAL |
| campo de control de longitud fija |
110525s1992 dr a 000 0 spa d |
| 040 ## - FUENTE DE LA CATALOGACIÓN |
| Centro catalogador/agencia de origen |
DO-SdBNP |
| Lengua de catalogación |
spa |
| Centro/agencia transcriptor |
BNPHU |
| 082 ## - NÚMERO DE LA CLASIFICACIÓN DECIMAL DEWEY |
| Número de clasificación |
xxxx |
| Número de documento/Ítem |
S471f |
| 049 ## - FONDOS LOCALES (OCLC) |
| Fondos de biblioteca |
BNPD |
| 111 2# - ENTRADA PRINCIPAL--NOMBRE DE CONGRESO/REUNIÓN |
| Nombre de congreso/reunión o jurisdicción como elemento de entrada |
Seminario Grandes Figuras de la Evangelización de América, Fray Francisco de Victoria |
| Número del congreso/reunión o número de parte o sección |
(4a. : |
| Fecha del congreso/reunión |
1989, dic. 9 |
| Sede del congreso/Lugar de la reunión |
Santo Domingo) |
| 9 (RLIN) |
57250 |
| 245 10 - MENCIÓN DE TÍTULO |
| Título |
Fray Francisco de Victoria. |
| 260 ## - PUBLICACIÓN, DISTRIBUCIÓN, ETC. |
| Lugar de publicación, distribución, etc. |
Santo Domingo : |
| Nombre del editor, distribuidor, etc. |
Comisión Dominicana Permanente para la Celebración del Quinto Centenario del Descubrimiento y Evangelización de América., |
| Fecha de publicación, distribución, etc. |
1992. |
| 300 ## - DESCRIPCIÓN FÍSICA |
| Extensión |
127 p. : |
| Otras características físicas |
il. ; |
| Dimensiones |
21 cm. |
| 490 1# - MENCIÓN DE SERIE |
| Mención de serie |
Quinto Centenario |
| 490 1# - MENCIÓN DE SERIE |
| Mención de serie |
Conferencia |
| Designación de volumen o secuencia |
no. 6 |
| 505 0# - NOTA DE CONTENIDO CON FORMATO |
| Título |
Programa -- |
| -- |
Ponencia 1. Francisco de Victoria: el hombre, sus circunstancias y su obra/ |
| Mención de responsabilidad |
Fernándo Pérez Memén -- |
| Título |
Ponencia 2. El padre Victoria y el derecho de gentes. Polémicas con Juan Gines de Sepúlveda. Las casas, Gines de Sepúlveda, Vitoria y el debate sobre la conquista de América/ |
| Mención de responsabilidad |
Francisco Antonio Avelino García. -- |
| Título |
Preguntas y comentarios en torno a las ponencias 1 y 2 -- |
| -- |
Ponencia 3. Repercusiones y aplicaciones del derechoi de gentes. El Indio como sujeto de derecho en Francisco de Vitoria/ |
| Mención de responsabilidad |
Padre Ramón Alejandro Alonso. |
| Título |
Ponencia 4. El derecho de gentes en la Declaración Universal de los Derechos Humanos y en el Derecho Internacional Público/ |
| Mención de responsabilidad |
Luis Arias -- |
| Título |
Preguntas y comentarios en torno a las ponencias 3 y 4. |
| 830 #0 - PUNTO DE ACCESO ADICIONAL DE SERIE-TÍTULO UNIFORME |
| Título uniforme |
Quinto Centenario |
| 9 (RLIN) |
16591 |
| 830 #0 - PUNTO DE ACCESO ADICIONAL DE SERIE-TÍTULO UNIFORME |
| Título uniforme |
Conferencia |
| Designación de volumen o secuencia |
no. 6 |
| 9 (RLIN) |
1181 |